Prueba de Omán - Estadísticas

Estadísticas generales
  • Esta prueba ha sido intentada 609 veces
  • La puntuación promedio es 14 de 24
Estadísticas de respuestas
Pista Respuesta % Correcto
Idioma oficial Árabe
99%
Países limítrofes Arabia Saudita
98%
Países limítrofes Yemen
98%
Países limítrofes Emiratos Árabes Unidos
96%
La religión del Estado Ibadi
95%
La exportación más importante Petróleo
87%
Omán fue el penúltimo país del mundo en abolir la ______ en 1970 Esclavitud
86%
País que gobernó Omán hasta 1951 Reino Unido
86%
Capital Mascate
83%
Mares y golfos que limitan con Omán Golfo {Pérsico}
79%
Hay al menos 465.500 nacionales de este país viviendo en Omán India
71%
Título del monarca omaní Sultán
70%
Mares y golfos que limitan con Omán Mar {Arábigo}
52%
Mares y golfos que limitan con Omán Golfo de {Omán}
48%
Estrecho entre Irán y Omán Estrecho de {Ormuz}
45%
El "Janyar" que aparece en la bandera es un tipo de esta arma Daga
40%
Moneda Rial
36%
La isla africana que fue una vez la capital de Omán y la residencia de los monarcas omaníes Zanzibar
35%
Ave nacional Halcón
29%
El nombre de la capital es también el nombre de un tipo de esta fruta Uva
22%
Nombra cualquiera de las dos ciudades más grandes después de la capital Seeb | Salalah
21%
Monarca de Omán, 1970-2020 Qabus
15%
El recipiente tradicional que comienza con D Dhow
10%
Omán produce el 17% de este ingrediente de perfume Olíbano
8%
No se encontraron pruebas coincidentes
Distribución de puntuación
Porcentaje de gente con cada puntuación
Porcentaje por número respondido
Historial de tus puntuaciones
No has intentado esta prueba.